000 00387nam a2200157Ia 4500
008 230917s9999||||xx |||||||||||||| ||und||
020 _cRS190
040 _e34063
_aMAIN
041 _aEnglish
082 _a410 V59M
100 _aVerma, S K
245 0 _aModern linguistics: An introduction
260 _aDelhi
_bOxford University Press
_c1989
300 _aix, 380 p.
942 _cBK
999 _c112176
_d112176